Obálka Náhled e-knihy:
PDF Epub
Pro půjčování e-knih musíte být přihlášeni.
Jak si půjčit online?

Dívka v rysích drápech /

Z každého se může stát kořist. Osmý případ ze série Milénium.

Uloženo v:
Série:Milénium, část 8
Hlavní autor: Smirnoff, Karin, 1964- (Autor)
Další autoři: Olešová, Lucie, 1992- (Autor)
Médium: E-kniha
Jazyk:Czech
Vydáno: Praha : Kniha Zlin, 2025
Vydání:Vydání první
Témata:
Příbuzné jednotky:Z cyklu:: Milénium
Tagy:
Žádné tagy
LEADER 02518nam a2200481 i 4500
001 312802
003 CZ PrSKC
005 20260601215729.0
007 ta
008 250908s2025 xr g 000 f cze
015 |a cnb003707336 
020 |a 9788076628991  |q (vázáno) 
035 |a (OCoLC)1549632813 
040 |a ABG001  |b cze  |e rda 
041 1 |a cze  |h swe 
072 7 |a 821.11  |x Germánské literatury  |2 Konspekt 
080 |a 821.113.6-31  |2 MRF 
080 |a (0:82-312.4)  |2 MRF 
100 1 |a Smirnoff, Karin,  |d 1964-  |7 pna20231209941  |4 aut 
240 1 0 |a Lokattens klor.  |l Česky 
245 1 0 |a Dívka v rysích drápech /  |c Karin Smirnoff ; přeložila Lucie Olešová 
250 |a Vydání první 
264 1 |a Praha :  |b Kniha Zlin,  |c 2025 
300 |a 410 stran ;  |c 21 cm 
336 |a text  |b txt  |2 rdacontent 
337 |a bez média  |b n  |2 rdamedia 
338 |a svazek  |b nc  |2 rdacarrier 
500 |a Přeloženo ze švédštiny 
520 2 |a Z každého se může stát kořist. Osmý případ ze série Milénium.  |b V severním Švédsku zavládl surový kapitalismus, ekologický úpadek a zločin. Město Gasskas se stává jevištěm dramatu, které rozehraje smrt místní novinářky. Mikael Blomkvist se na sever vrací kvůli dceři - i kvůli poslední šanci na příběh, který by mohl zachránit jeho skomírající kariéru. Když Lisbethin ochránce Plague zmizí, sáhne po ní podsvětí. Svala je ve smrtelném nebezpečí, protože záhadný Branco je opět na scéně a má jediný cíl: pomstu. Jde zastavit to, co už se dalo do pohybu? Nakladatelská anotace. 
655 7 |a švédské romány  |7 fd133923  |2 czenas 
655 7 |a detektivní romány  |7 fd132010  |2 czenas 
655 7 |a thrillery (romány)  |7 fd184206  |2 czenas 
655 9 |a Swedish fiction  |2 eczenas 
655 9 |a detective novels  |2 eczenas 
655 9 |a thrillers (novels)  |2 eczenas 
700 1 |a Olešová, Lucie,  |d 1992-  |7 ola2017940828  |4 trl 
787 0 8 |i Z cyklu:  |t Milénium  |g 8 
900 |a ABA001  |b 21 
928 9 |a Albatros Media - Kniha Zlin 
044 |a xr 
910 |a RBIT002 
998 |d 422179  |a https://core.palmknihy.cz/api/books/422179/cover?t1zyon  |b https://core.palmknihy.cz/api/books/422179/cover/400?t1zyon  |c https://core.palmknihy.cz/api/books/422179/cover/50?t1zyon  |e 2030-09-20  |g 416  |i 9788076628991  |j https://core.palmknihy.cz/api/books/422179/preview.epub  |k https://core.palmknihy.cz/api/books/422179/preview.pdf  |l   |q 49  |r 1  |s https://www.palmknihy.cz/kniha/422179  |t ebook  |y 2025  |z 0  |v Milénium  |w 8 
999 |d 312800